| 000 | 00420nam a2200181Ia 4500 | ||
|---|---|---|---|
| 008 | 221030s9999 xx 000 0 und d | ||
| 020 | _a0074600818 | ||
| 041 | _aEnglish | ||
| 082 |
_a105.23 _bRic |
||
| 100 | _aE. Rich | ||
| 245 | 0 |
_aArtificial Intelligence _cby E. Rich, K. Knight |
|
| 250 | _a2nd | ||
| 260 |
_bTMH _aNew Delhi _c1999 |
||
| 300 | _a621 | ||
| 650 | _aBE Computer | ||
| 700 | _aK. Knight | ||
| 942 | _cBK | ||
| 999 |
_c969 _d969 |
||